Περί χρηστής διοικήσεως : διοίκησις - αρχαί - σύστημα δράσεως ; προσόντα άρχοντος και προϊσταμένου

Αποθηκεύτηκε σε:
Λεπτομέρειες βιβλιογραφικής εγγραφής
Κύριος συγγραφέας: Ξανθούλης, Ναπολέων Εμμ
Μορφή: Βιβλίο
Γλώσσα:Greek
Δημοσίευση: Ρόδος : [Εθνικό τυπογραφείο], 1954.
Θέματα:
Ετικέτες: Προσθήκη ετικέτας
Δεν υπάρχουν, Καταχωρήστε ετικέτα πρώτοι!

MARC

LEADER 00000cam a2200000 i 4500
001 1/94446
008 080923s1954 gr | ||| |||| ||gre||
035 |l 10100393 
040 |a GR-MY-UA  |b gre  |e aacr 
041 0 |a gre 
082 7 |a 306.209495   |2 (22) 
100 1 |a Ξανθούλης, Ναπολέων Εμμ. 
245 1 0 |a Περί χρηστής διοικήσεως :   |b διοίκησις - αρχαί - σύστημα δράσεως ; προσόντα άρχοντος και προϊσταμένου /   |c Ναπολ. Ξανθούλη.  
260 |a Ρόδος :   |b [Εθνικό τυπογραφείο],   |c 1954.  
300 |a 123 σ. ;   |c 22 εκ.  
504 |a Περιλαμβάνει βιβλιογραφίες και ευρετήριο.  
650 0 0 |a State governments. 
650 0 0 |a Management. 
852 |a INST  |b RHODES  |c AKA  |e 20080923  |h 306.209495 ΞΑΝ  |p 005400030728  |q 005400030728  |t BK  |y 0 
901 |a BIBL4-2008-3 
909 |a Ρ  |b 153311 
970 |a ΜΙΣΣΟΣ  |b ΣΤΑΥΡΟΣ  |z 2008/09/23